000 00718nam a22001577a 4500
003 OSt
005 20150922161726.0
008 150922b xxu||||| |||| 00| 0 eng d
040 _cRUA
082 _aAGR CHE 2007 B035 Or.1
100 _91138
_aCHEA SOPEAK
245 _aEffect of organic pesticide on vegetable of sampling farmer in svay reang agricultural department,(ប្រសិទ្ធភាពថ្នាំផ្សំពីរុក្ខជាតិលើដំណាំបន្លែនៃក្រុមគោលដៅរបស់មន្ទីកសិកម្ម​ខេត្តស្វាយរៀង)
260 _aphnom penh
_bRUA
_c2007
300 _ax,45p.
_cill.
_g29cm.
942 _2ddc
_cAGR
999 _c1089
_d1089